000 00889nam a22003017a 4500
003 CHAP
005 20220329141111.0
008 971013s1991 r 00010 d
010 _a62563
011 _a63535
035 _a67711
040 _cCHAP
082 _a549.12
_bN4 1991
100 0 0 _aNesse, William D.
_980893
245 _aIntroduction to optical mineralogy
250 _a2 ed.
260 _aNew York :
_bOxford University,
_c1991
300 _a335 p.
_b: ilus. ; gráfs.
590 _aBATCH-UPD
_b10
_c20130110
_lUCH01
_h0825
590 _aBATCH-UPD
_b10
_c20130410
_lUCH01
_h0503
590 _aBATCH-UPD
_b10
_c20130914
_lUCH01
_h1819
590 _aCONVERSION
_b10
_c20130109
_lUCH01
_h1334
650 1 4 _aMineralogía.
_975940
650 1 4 _aOptica.
_983381
901 _aBK
942 _cLIBRO
949 _a549.12 N4 1991
_bBC
_cLIBRO
_d33724000634085
_eLIBRO
_h92271
_i67711
_mD
_si
999 _c62563
_d62563